| 000 | 00678cam a22002417a 4500 | ||
|---|---|---|---|
| 003 | CHAP | ||
| 005 | 20220329140404.0 | ||
| 008 | 971013s r 00010 d | ||
| 010 | _a51290 | ||
| 011 | _a52262 | ||
| 035 | _a56412 | ||
| 040 | _cCHAP | ||
| 090 | _aR-723 | ||
| 100 | 0 | 0 |
_aRojas, B. _999389 |
| 245 | 1 | 4 | _aThe modified latin square |
| 500 | _aSobretiro de : Journal of the Royal Statistical Society. Ser. B. 19 (2) : 305- 317, 1957 | ||
| 590 |
_aBATCH-UPD _b10 _c20130110 _lUCH01 _h0826 |
||
| 590 |
_aCONVERSION _b10 _c20130109 _lUCH01 _h1328 |
||
| 650 | 1 | 4 |
_aCuadrados. _929917 |
| 901 | _aBK | ||
| 942 | _cREIMP | ||
| 949 |
_aR-723 _bBC _cR _d-123227 _eTS1 _i56412 _si |
||
| 999 |
_c51290 _d51290 |
||